Music Quiz

Random Music or Disney Quiz

Disney Lyrics 14 Quiz Stats

 Plays Quiz not verified by Sporcle

Challenge
Share
Tweet
Embed
Score 0/167 Timer 07:00
0 Plays Today
% Correct
the
98.1%
the
98.1%
a
98.1%
a
98.1%
a
98.1%
and
98.1%
a
98.1%
a
98.1%
a
98.1%
a
98.1%
the
98.1%
a
98.1%
the
98.1%
a
98.1%
a
98.1%
the
98.1%
a
98.1%
the
98.1%
the
98.1%
You're
93.5%
you
93.5%
you
93.5%
you
93.5%
you
93.5%
you
93.5%
you
93.5%
I've
88.7%
Be
86.5%
be
86.5%
Be
86.5%
Be
86.5%
to
85.1%
to
85.1%
to
85.1%
to
85.1%
to
85.1%
to
85.1%
me
84.9%
me
84.9%
me
84.9%
I
84.1%
I
84.1%
I
84.1%
I
84.1%
we're
82.9%
We
81.5%
in
80.9%
on
80.4%
when
80.3%
can
80.3%
of
80%
of
80%
of
80%
of
80%
of
80%
for
78.9%
% Correct
for
78.9%
my
75.1%
he
74.9%
as
74.7%
as
74.7%
as
74.7%
they
73.3%
your
72.9%
I'll
71.5%
I'll
71.5%
see
70.8%
man
69.6%
man
69.6%
how
69.6%
man!
69.6%
man!
69.6%
man!
69.6%
who
69.2%
that
68.9%
out
68.8%
out
68.8%
make
67.9%
make
67.9%
Did
67.7%
are
67.7%
ever
67.3%
get
66.7%
With
66%
With
66%
but
65.9%
but
65.9%
I'm
65.9%
down
64.9%
asked
64.9%
daughters
64.5%
sons
64.4%
send
64.3%
through
64%
through
64%
Let's
63.6%
Huns
63.3%
You're
63.2%
defeat
63.1%
all
62.8%
all
62.8%
This
62.5%
got
62.1%
got
62.1%
business
62%
bunch
61.9%
was
61.9%
saddest
61.7%
met
61.3%
Somehow
61.3%
knew
60.5%
knew
60.5%
% Correct
bet
60.1%
fire
60.1%
fire,
60.1%
before
59.9%
river
58.8%
Now
58.7%
wish
58.7%
right
58.5%
moon
58.4%
dark
58.1%
side
57.9%
Mister
57.7%
Say
57.7%
must
57.6%
'em
57.3%
raging
57.2%
Hope
57.1%
those
56.7%
great
56.7%
doesn't
56.4%
mysterious
56.3%
never
55.9%
swift
55.7%
gym
55.6%
typhoon
55.3%
win
54.9%
strength
54.9%
forest
54.4%
cutting
54.4%
swim
54.4%
fool
54.3%
really
53.9%
find
53.7%
goodbye
53.6%
school
53.6%
within
53.2%
Once
52.8%
sure
52.8%
Tranquil
52.7%
haven't
52.5%
Boy,
52.5%
gonna
52.3%
coursing
52.3%
clue
52.1%
catch
51.7%
breath
51.5%
force
51.5%
lot
51.1%
center
50.8%
guy's
50.3%
scared
50.3%
death
50.1%
pathetic
50%
spineless
48.5%
pale
48.1%

You're not logged in!

Compare scores with friends on all Sporcle quizzes.
OR
Log In

You Might Also Like...

Show Comments

Extras

Created Apr 3, 2011ReportNominate
Tags:Disney Quiz, Lyrics Quiz

Top Quizzes Today


Score Distribution

Your Account Isn't Verified!

In order to create a playlist on Sporcle, you need to verify the email address you used during registration. Go to your Sporcle Settings to finish the process.

Report this User

Report this user for behavior that violates our Community Guidelines.

Details: